<A> brief outline of english and american literature
Enregistré dans:
| Auteur principal: | |
|---|---|
| Collectivité auteur: | |
| Format: | Livre |
| Langue: | anglais |
| Publié: |
Bratislava
Vysoká škola ekonomická
1979
|
| Édition: | 2nd ed. |
| Tags: |
Pas de tags, Soyez le premier à ajouter un tag!
|
MARC
| LEADER | 00000nam a2200000 4500 | ||
|---|---|---|---|
| 001 | 0230342 | ||
| 005 | 20240822101706.4 | ||
| 041 | 0 | |a eng | |
| 044 | |a SK | ||
| 245 | 1 | 0 | |a <A> brief outline of english and american literature |c Eva Vehnerová |
| 250 | |a 2nd ed. | ||
| 264 | 1 | |a Bratislava |b Vysoká škola ekonomická |c 1979 | |
| 300 | |a 61 s. | ||
| 100 | 1 | |a Vehnerová, Eva | |
| 710 | 2 | |a Vysoká škola ekonomická v Bratislave. Obchodná fakulta | |